000 00784nam a2200289Ia 4500
003 OSt
005 20220912150902.0
006 a|||||r|||| 00| 0
007 ta
008 220909b |||||||| |||| 00| 0 eng d
024 _a32784
037 _cTextual
040 _aCSL
_beng
_cCSL
041 _aeng
082 _aC9B2xM70, L2
100 _aNye Mary Jo
245 0 _aMolecular reality : A perspective on the scientific work Jean Perrin
260 _aLondon
_bMacdonald
_c1972
300 _axi,199p.
_ccm. ill
490 _aHistory of science library
500 _aBibliography 180-194p
650 _a Atomic physics
650 _a Structure
650 _aPhysics
942 _hC9B2xM70, L2
_cTEXL
_2CC
999 _c56862
_d56862